000 00460nam a2200169Ia 4500
008 220216s9999 xx 000 0 und d
100 _aFabre J V
245 0 _aAnalysis of diverse isolates of Colletotrichum lindemuthianum infecting common bean using molecular markers
260 _bMycological Research
_c1995
300 _a429-435
650 _aRAPD
650 _aRFLP
700 _aDron M
700 _aJulien J
700 _aParisot D
942 _cJS
999 _c54219
_d54219